|
|
|
|
| LEADER |
01560nam a2200433 a 4500 |
| 001 |
000668152 |
| 003 |
CZ BrMZK |
| 005 |
20140224144518.0 |
| 007 |
ta |
| 008 |
030429s2002 xr afm f c 000 0 cze d |
| 015 |
|
|
|a cnb001247918
|
| 020 |
|
|
|a 80-86076-03-2
|q (váz.)
|
| 035 |
|
|
|a (OCoLC)53272485
|
| 040 |
|
|
|a BOA001
|b cze
|
| 041 |
0 |
|
|a cze
|b ger
|
| 043 |
|
|
|a e-xr---
|b e-xr-cc
|2 czenas
|
| 072 |
|
7 |
|a 677
|x Textilní průmysl
|2 Konspekt
|9 19
|
| 080 |
|
|
|a 391
|2 MRF
|
| 080 |
|
|
|a 908(437.31-18)
|2 MRF
|
| 080 |
|
|
|a 677.074
|2 MRF
|
| 080 |
|
|
|a (437.31-18)
|2 MRF
|
| 080 |
|
|
|a (048.8)
|2 MRF
|
| 080 |
|
|
|a (083.81)
|2 MRF
|
| 100 |
1 |
|
|a Hynková, Hana,
|d 1921-2004
|7 jk01043455
|4 aut
|
| 245 |
1 |
0 |
|a Lidové tkaniny v oblasti Orlických hor /
|c Hana Hynková
|
| 250 |
|
|
|a Vyd. 1.
|
| 260 |
|
|
|a Rychnov nad Kněžnou :
|b Okresní muzeum Orlických hor,
|c 2002
|
| 300 |
|
|
|a 81 s. :
|b il., mapy ;
|c 25 x 25 cm +
|e 1 příl.: Lidové tkaniny v oblasti Orlických hor, 1 elektronický optický disk (CD-ROM)
|
| 500 |
|
|
|a Německé resumé
|
| 500 |
|
|
|a 1000 výt.
|
| 504 |
|
|
|a Obsahuje bibliografii, bibliografické odkazy a rejstřík
|
| 650 |
0 |
7 |
|a tkaniny
|7 ph126664
|z Česko
|2 czenas
|
| 650 |
0 |
7 |
|a lidové oděvy
|7 ph115139
|z Česko
|2 czenas
|
| 655 |
|
7 |
|a katalogy
|7 fd132535
|2 czenas
|
| 655 |
|
7 |
|a studie
|7 fd133597
|2 czenas
|
| 651 |
|
7 |
|a Orlické hory (Česko a Polsko : oblast)
|7 ge130326
|x vlastivěda
|2 czenas
|
| 910 |
|
|
|a BOA001
|b 3-1117.462
|
| 990 |
|
|
|a BK
|
| 996 |
6 |
|
|b 2610188276
|c 3-1117.462
|l MZK
|r Sklad / do 1 hodiny
|n 3
|p p.v.
|w 000668152
|u 000010
|a 1
|e BOA001
|j MZK50
|s P
|